Statistiques concernant Plus grandes villes de France par département

Cliquez ici pour prendre le quiz!

Statistiques générales

  • Ce quiz a été pris 239 fois
  • Le résultat moyen est 31 sur 40

Statistiques - réponses

DépartementVille% Correct
Bouches du RhôneMarseille
94%
GirondeBordeaux
93%
Alpes MaritimesNice
93%
ParisParis
92%
NordLille
91%
Bas RhinStrasbourg
91%
FinistèreBrest
90%
CalvadosCaen
89%
RhôneLyon
89%
HéraultMontpellier
89%
Côte d'OrDijon
87%
Loire AtlantiqueNantes
87%
Haute SavoieAnnecy
82%
Ille et VilaineRennes
82%
Pyrénées OrientalesPerpignan
81%
Haute GaronneToulouse
81%
Bouches du RhôneAix-en-Provence
79%
MoselleMetz
79%
Meurthe et MoselleNancy
79%
Puy d DômeClermont-Ferrand
78%
GardNîmes
78%
IsèreGrenoble
77%
Seine Saint DenisSaint-Denis
76%
LoireSaint-Étienne
75%
VarToulon
75%
Seine MaritimeLe Havre
74%
SartheLe Mans
74%
Haut RhinMulhouse
74%
DoubsBesançon
73%
SommeAmiens
72%
Maine et LoireAngers
71%
RhôneVilleurbanne
71%
LoiretOrléans
69%
Seine MaritimeRouen
69%
Indre et LoireTours
69%
MarneReims
68%
Haute VienneLimoges
66%
Hauts de SeineBoulogne-Billancourt
48%
Seine Saint DenisMontreuil
36%
Val d'OiseArgenteuil
34%

Distribution des résultats

Percentile par nombre de réponses

% des personnes avec chaque résultat

Votre développement - résultats

Vous n’avez pas pris ce quiz